Kansas City Royals Players Sudden Death 2020-2026 - Statistics

General Stats
  • This quiz has been taken 18 times
  • The average score is 15 of 27
Answers on the Grid
Answers color-coded by a green-red scale on the quiz's grid according to % correct below.
Whit Merrifield
Kyle Bradish
Trevor Story
Alex Gordon
Aroldis Chapman
Marcus Semien
Alberto Mondesi
Evan Longoria
George Brett
Salvador Perez
Bobby Witt Jr
Isaac Collins
Brad Keller
Shane Biber
Justin Verlander
Juan Soto
Jac Caglianone
Maikel Garcia
Ronald Acuna Jr
Jorge Soler
Adam Frazier
Corey Seager
Matt Harvey
Edward Olivares
Shane Smith
Andres Gimenez
Justin Reid
Maikel Franco
Danny Duffy
Nicky Lopez
Jake Cronenworth
Daniel Murphy
Carlos Hernandez
Mike Trout
Luis Robert Jr
Jose Cuas
Jake Brentz
David Wright
David Ortiz
Royce Lewis
Brady Singer
Kris Bubic
Gregory Soto
Elias Diaz
Nick Loftin
Hunter Dozier
Lucas Erceg
Nico Horner
Scott Barlow
Rich Hill
 
Answer Stats
Answer % Correct
Whit Merrifield
100%
Alex Gordon
88%
Salvador Perez
75%
Adam Frazier
63%
Alberto Mondesi
63%
Aroldis Chapman
63%
Bobby Witt Jr
63%
Brad Keller
63%
Brady Singer
63%
Carlos Hernandez
63%
Jac Caglianone
63%
Jorge Soler
63%
Nicky Lopez
63%
Danny Duffy
50%
Hunter Dozier
50%
Kris Bubic
50%
Lucas Erceg
50%
Maikel Garcia
50%
Nick Loftin
50%
Rich Hill
50%
Scott Barlow
50%
Edward Olivares
38%
Isaac Collins
38%
Jake Brentz
38%
Jose Cuas
38%
Maikel Franco
38%
Matt Harvey
25%
No matching quizzes found
Score Distribution
Percent of People with Each Score
Percentile by Number Answered
Your Score History
You have not taken this quiz